000 00442nam a2200169Ia 4500
001 64198
008 200227n ii |||gr||||Z||||||465
082 _a530
100 _aArora, S L .
245 0 _aNew Simplified Physics-X11 (Vol--!)
_cBy S L Arora
_hTextual Documents
250 _aReprint--2011.
260 _aDelhi
_bDhanpat Rai & Sons
300 _aX11P & 8.50p:
_c30cm.
653 _aPhysics
653 _aG-Physics
942 _2ddc
_cBK
999 _c65298
_d65298